| 000 | 00490nam a2200193 a 4500 | ||
|---|---|---|---|
| 001 | 156325 | ||
| 003 | OSt | ||
| 005 | 20211001161749.0 | ||
| 008 | 180809 ### HIN | ||
| 020 | _a9781450459938 | ||
| 082 |
_a613.2 _bN15N |
||
| 100 | _aClark, Nancy | ||
| 245 |
_aNancy Clark's sports nutrition guidebook _cby Nancy Clark |
||
| 250 | _a5th ed. | ||
| 260 |
_aChampaign _bHuman Kinetics _c2014 |
||
| 300 | _aix, 507p. | ||
| 653 | _aAthletes--Nutrition | ||
| 942 |
_2ddc _cBK |
||
| 999 |
_c18741 _d18741 |
||